000 00943nam a22003137a 4500
001 BR6002471
003 BR-BrBNA
005 20230928083128.0
007 ta
008 230509b bl.||||| |||| 00| 0 por d
040 _aBR-BrBNA
_bpor
_cBiblioteca Nacional de Agricultura
041 _a(Por)
072 _aE30; F00; E15
_b0311
_b/G514
090 _ 0311 BR6002471
110 1 _aComissao Estadual de Planejamento Agricola, Natal, RN (Brasil)
_92056
245 1 _aPrograma de difusao e expansao da cultura do coqueiro (Cocos nucifera, L.)no Rio Grande do Norte [Brasil]
260 3 _aNatal, RN (Brasil):
_c1973.
300 _a86 p.
500 _a26 illus.; 18 ref.
650 _aCOCO
650 _aAPTIDAO CLIMATICA
650 _aAPTIDAO AGRICOLA
650 _aMAO-DE-OBRA
650 _aRENDA FAMILIAR
650 _aCUSTO DE PRODUCAO
650 _aRIO GRANDE DO NORTE
909 _a202309
_bLucia
_c55
_dLucia Elande
942 _cBK
999 _c11716
_d11716